NISO project - Fighting homophobia through active citizenship and media education Final Report

Salvato in:
Dettagli Bibliografici
Enti autori: Commissione Europea, Provincia di Roma
Natura: Libro
Lingua:inglese
Pubblicazione: Nimega Commissione Europea 2012
Tags: Aggiungi Tag
Nessun Tag, puoi essere il primo ad aggiungerne!!

MARC

LEADER 00000nam a2200000 4500
005 20240529203809.0
008 240529b |||||||| |||| 00| 0 eng d
040 |c GP 
110 |a Commissione Europea 
245 |a NISO project - Fighting homophobia through active citizenship and media education  |b Final Report 
260 |a Nimega  |b Commissione Europea  |c 2012 
710 |a Provincia di Roma 
942 |2 ddc  |c BK  |n 0 
952 |0 0  |1 0  |2 ddc  |4 0  |6 306_766100000000000_NIS  |7 1  |9 1336  |a RM  |b RM  |d 2024-05-29  |l 0  |o 306.7661 NIS  |p 173  |r 2024-05-29 20:38:30  |w 2024-05-29  |y BK 
999 |c 1233  |d 1233